000 05998nam a22006137a 4500
005 20091217101814.0
010 _aB-388917-942 B-447203-207
020 _a9780143331100
_c99.00
035 _aB-388917-942 B-447203-207
037 _bBlueberry Books
037 _bK.K.Pub/Ven
082 _aS
100 _aSen Gupta, Subhadra
_944751
245 _aBeware in the graveyard /
_cby Subhadra Sen Gupta; art by Tapas Guha
260 _aNew Delhi
_bPuffin Books
_c2009
270 _a11 Community Centre, Panchsheel Park
_bNew Delh
_e110017
300 _a40p. :
_bcol. ill.
_c28cm(pbk)
490 _aSatyajit Ray's Feluda mysteries
_944752
700 _aGuhu, Tapas
_944377
942 _2ddc
_cCH
_hS
_mSEN
999 _c33045
_d33045